| 000 | 01094cam a2200301 i 4500 | ||
|---|---|---|---|
| 001 | 18950132 | ||
| 003 | OSt | ||
| 005 | 20240216113851.0 | ||
| 008 | 160128s2017 enk 001 0 eng | ||
| 010 | _a 2016003816 | ||
| 020 | _a9780415731935 (hb : alk. paper) | ||
| 020 | _a9780415731942 (pb : alk. paper) | ||
| 040 |
_aDLC _beng _cDLC _erda _dDLC |
||
| 042 | _apcc | ||
| 050 | 0 | 0 |
_aNA2540 _b.C78 2017 |
| 082 | 0 | 0 |
_a720 _223 _bCRU |
| 100 | 1 |
_aCruvellier, Mark, _eauthor. _9120655 |
|
| 245 | 1 | 0 |
_aModel perspectives : _bstructure, architecture and culture / _cMark R. Cruvellier, Bjorn N. Sandaker, Luben Dimcheff. |
| 260 |
_aLondon: _bRoutledge; _c2017. |
||
| 300 |
_axi, 427 pages ; _c27 cm |
||
| 500 | _aIncludes index. | ||
| 650 | 0 |
_aArchitecture _xThemes, motives. _932592 |
|
| 700 | 1 |
_aSandaker, Bjørn Normann, _d1954- _eauthor. _9120656 |
|
| 700 | 1 |
_aDimcheff, Luben, _eauthor. _9120657 |
|
| 906 |
_a7 _bcbc _corignew _d1 _eecip _f20 _gy-gencatlg |
||
| 942 |
_2ddc _cBK _aSADA _k720 CRU 2017 |
||
| 999 |
_c607822 _d607822 |
||